Catálogo

DESIGNING MENUS WITH DVD STUDIO PRO (Registro nro. 50168)

Detalles MARC
000 -LEADER
fixed length control field 00596nam a2200181 a 4500
001 - CONTROL NUMBER
control field 50168
005 - DATE AND TIME OF LATEST TRANSACTION
control field 20180714035131.0
008 - FIXED-LENGTH DATA ELEMENTS--GENERAL INFORMATION
fixed length control field 140415d 000 0 eng d
020 ## - INTERNATIONAL STANDARD BOOK NUMBER
International Standard Book Number 1578202809
041 ## - LANGUAGE CODE
Language code of text/sound track or separate title eng
082 ## - DEWEY DECIMAL CLASSIFICATION NUMBER
Classification number 006.7
Item number ALE
245 00 - TITLE STATEMENT
Title DESIGNING MENUS WITH DVD STUDIO PRO
250 ## - EDITION STATEMENT
Edition statement 1a ed.
260 ## - PUBLICATION, DISTRIBUTION, ETC.
Place of publication, distribution, etc. [s.l.] :
Name of publisher, distributor, etc. CMP MEDIA LLC,
Date of publication, distribution, etc. [s.f.]
300 ## - PHYSICAL DESCRIPTION
Extent 249
Dimensions 18.8 x 1.4 x 23.3
520 ## - SUMMARY, ETC.
Summary, etc. ESTE LIBRO AYUDA A OPTIMIZAR TUS HERRAMIENTAS DVD ESTUDIO PRO ES EL NIVEL PROFERSIONAL DVD ES UNA HERRAMIENTA AUTORIZADA DE APPLE.
650 14 - SUBJECT ADDED ENTRY--TOPICAL TERM
Topical term or geographic name entry element SISTEMAS MULTIMEDIA
Existencias
Withdrawn status Lost status Source of classification or shelving scheme Damaged status Not for loan Collection code Home library Current library Shelving location Date acquired Source of acquisition Inventory number Total Checkouts Full call number Barcode Date last seen Price effective from Koha item type
    Dewey Decimal Classification     General Biblioteca Karol Wojtyla Biblioteca Karol Wojtyla Sala general 03/12/2013 Compra 151000000000000000059585   '006.7 ALE 74894 05/01/2026 03/12/2013 Libro